<?xml version="1.0" encoding="UTF-8"?>
<record
    xmlns:xsi="http://www.w3.org/2001/XMLSchema-instance"
    xsi:schemaLocation="http://www.loc.gov/MARC21/slim http://www.loc.gov/standards/marcxml/schema/MARC21slim.xsd"
    xmlns="http://www.loc.gov/MARC21/slim">

  <leader>03689ngm a22004815a 4500</leader>
  <datafield tag="999" ind1=" " ind2=" ">
    <subfield code="c">23068</subfield>
    <subfield code="d">23040</subfield>
  </datafield>
  <controlfield tag="005">20180906103423.0</controlfield>
  <controlfield tag="007">vd mvaizu</controlfield>
  <controlfield tag="008">161105s200?    ua 142 g          vzara da d</controlfield>
  <datafield tag="028" ind1=" " ind2=" ">
    <subfield code="b">&#x627;&#x644;&#x634;&#x631;&#x643;&#x629; &#x627;&#x644;&#x639;&#x631;&#x628;&#x64A;&#x629; &#x644;&#x644;&#x625;&#x646;&#x62A;&#x627;&#x62C; &#x627;&#x644;&#x625;&#x639;&#x644;&#x627;&#x645;&#x64A; &#x648;&#x627;&#x644;&#x62B;&#x642;&#x627;&#x641;&#x64A; (&#x634;&#x639;&#x627;&#x639;)</subfield>
  </datafield>
  <datafield tag="040" ind1=" " ind2=" ">
    <subfield code="a">EG-ScBUE</subfield>
    <subfield code="c">ara</subfield>
    <subfield code="d">EG-ScBUE</subfield>
  </datafield>
  <datafield tag="041" ind1=" " ind2=" ">
    <subfield code="h">ara</subfield>
  </datafield>
  <datafield tag="082" ind1="0" ind2="4">
    <subfield code="a">791.4372</subfield>
    <subfield code="b">&#x623; &#x631; &#x636;</subfield>
    <subfield code="2">22</subfield>
  </datafield>
  <datafield tag="245" ind1="0" ind2="0">
    <subfield code="a">&#x623;&#x631;&#x636; &#x627;&#x644;&#x62E;&#x648;&#x641;</subfield>
    <subfield code="h">[&#x62A;&#x633;&#x62C;&#x64A;&#x644; &#x645;&#x631;&#x626;&#x64A;] /</subfield>
    <subfield code="c">&#x625;&#x646;&#x62A;&#x627;&#x62C; &#x627;&#x644;&#x634;&#x631;&#x643;&#x629; &#x627;&#x644;&#x639;&#x631;&#x628;&#x64A;&#x629; &#x644;&#x644;&#x625;&#x646;&#x62A;&#x627;&#x62C; &#x627;&#x644;&#x625;&#x639;&#x644;&#x627;&#x645;&#x64A; &#x648;&#x627;&#x644;&#x62B;&#x642;&#x627;&#x641;&#x64A; (&#x634;&#x639;&#x627;&#x639;) &#x61B; &#x62A;&#x623;&#x644;&#x64A;&#x641; &#x648;&#x625;&#x62E;&#x631;&#x627;&#x62C; &#x62F;&#x627;&#x648;&#x62F; &#x639;&#x628;&#x62F; &#x627;&#x644;&#x633;&#x64A;&#x62F;.</subfield>
  </datafield>
  <datafield tag="260" ind1=" " ind2=" ">
    <subfield code="a">&#x627;&#x644;&#x642;&#x627;&#x647;&#x631;&#x629; :</subfield>
    <subfield code="b">&#x627;&#x644;&#x633;&#x628;&#x643;&#x64A; &#x641;&#x64A;&#x644;&#x645; &#x644;&#x644;&#x625;&#x646;&#x62A;&#x627;&#x62C; &#x627;&#x644;&#x633;&#x64A;&#x646;&#x645;&#x627;&#x626;&#x64A;&#x60C;</subfield>
    <subfield code="c">[200?]</subfield>
  </datafield>
  <datafield tag="300" ind1=" " ind2=" ">
    <subfield code="a">1 &#x642;&#x631;&#x635; &#x645;&#x631;&#x626;&#x64A; (142 &#x62F;&#x642;.) : </subfield>
    <subfield code="b">&#x646;&#x627;.&#x60C; &#x644;&#x648;. &#x61B; </subfield>
    <subfield code="c">4 3/4 &#x628;&#x648;.</subfield>
  </datafield>
  <datafield tag="500" ind1=" " ind2=" ">
    <subfield code="a">&#x623;&#x631;&#x636; &#x627;&#x644;&#x62E;&#x648;&#x641; &#x641;&#x64A;&#x644;&#x645; &#x645;&#x635;&#x631;&#x64A; &#x645;&#x646; &#x625;&#x646;&#x62A;&#x627;&#x62C; &#x639;&#x627;&#x645; 1999&#x60C; &#x648;&#x62A;&#x645; &#x639;&#x631;&#x636; &#x627;&#x644;&#x641;&#x64A;&#x644;&#x645; &#x641;&#x64A; &#x645;&#x627;&#x631;&#x633; 2000.</subfield>
  </datafield>
  <datafield tag="508" ind1=" " ind2=" ">
    <subfield code="a">&#x62A;&#x623;&#x644;&#x64A;&#x641; &#x648;&#x625;&#x62E;&#x631;&#x627;&#x62C;&#x60C; &#x62F;&#x627;&#x648;&#x62F; &#x639;&#x628;&#x62F; &#x627;&#x644;&#x633;&#x64A;&#x62F; &#x61B; &#x645;&#x62F;&#x64A;&#x631; &#x627;&#x644;&#x62A;&#x635;&#x648;&#x64A;&#x631;&#x60C; &#x633;&#x645;&#x64A;&#x631; &#x628;&#x647;&#x632;&#x627;&#x646; &#x61B; &#x645;&#x648;&#x646;&#x62A;&#x627;&#x62C;&#x60C; &#x639;&#x627;&#x645;&#x644; &#x645;&#x646;&#x64A;&#x631; &#x61B; &#x627;&#x644;&#x645;&#x62E;&#x631;&#x62C; &#x627;&#x644;&#x645;&#x646;&#x641;&#x630;&#x60C; &#x645;&#x62D;&#x645;&#x62F; &#x645;&#x635;&#x637;&#x641;&#x649; &#x61B; &#x627;&#x644;&#x645;&#x646;&#x62A;&#x62C; &#x627;&#x644;&#x641;&#x646;&#x64A;&#x60C; &#x623;&#x64A;&#x645;&#x646; &#x627;&#x644;&#x639;&#x631;&#x628; &#x61B; &#x627;&#x644;&#x645;&#x634;&#x631;&#x641; &#x627;&#x644;&#x641;&#x646;&#x64A;&#x60C; &#x623;&#x646;&#x633;&#x649; &#x623;&#x628;&#x648; &#x633;&#x64A;&#x641; &#x61B; &#x645;&#x648;&#x633;&#x633;&#x64A;&#x642;&#x649; &#x631;&#x627;&#x62C;&#x62D; &#x62F;&#x627;&#x648;&#x62F; &#x61B; &#x645;&#x647;&#x646;&#x62F;&#x633; &#x627;&#x644;&#x635;&#x648;&#x62A;&#x60C; &#x623;&#x62D;&#x645;&#x62F; &#x62C;&#x627;&#x628;&#x631;.</subfield>
  </datafield>
  <datafield tag="511" ind1=" " ind2=" ">
    <subfield code="a"> &#x623;&#x62D;&#x645;&#x62F; &#x632;&#x643;&#x64A;&#x60C;  &#x641;&#x631;&#x62D; (&#x641;&#x64A;&#x62F;&#x631;&#x627;)&#x60C;  &#x633;&#x627;&#x645;&#x64A; &#x627;&#x644;&#x639;&#x62F;&#x644;&#x60C; &#x639;&#x632;&#x62A; &#x623;&#x628;&#x648; &#x639;&#x648;&#x641;&#x60C; &#x62D;&#x645;&#x62F;&#x64A; &#x63A;&#x64A;&#x62B;&#x60C; &#x639;&#x628;&#x62F;&#x627;&#x644;&#x631;&#x62D;&#x645;&#x646; &#x623;&#x628;&#x648; &#x632;&#x647;&#x631;&#x629;&#x60C; &#x632;&#x64A;&#x646;&#x629;.</subfield>
  </datafield>
  <datafield tag="520" ind1=" " ind2=" ">
    <subfield code="a">&#x64A;&#x62D;&#x64A;&#x649; (&#x623;&#x62D;&#x645;&#x62F; &#x632;&#x643;&#x64A;) &#x636;&#x627;&#x628;&#x637; &#x641;&#x64A; &#x627;&#x644;&#x634;&#x631;&#x637;&#x629; &#x648;&#x647;&#x648; &#x634;&#x62E;&#x635; &#x645;&#x62B;&#x627;&#x644;&#x64A; &#x644;&#x623;&#x639;&#x644;&#x649; &#x627;&#x644;&#x62F;&#x631;&#x62C;&#x627;&#x62A;. &#x64A;&#x648;&#x643;&#x644; &#x645;&#x646; &#x642;&#x628;&#x644; &#x62C;&#x647;&#x627;&#x632; &#x627;&#x644;&#x634;&#x631;&#x637;&#x629; &#x628;&#x623;&#x646; &#x64A;&#x635;&#x628;&#x62D; &#x641;&#x627;&#x633;&#x62F;&#x627; &#x641;&#x64A; &#x627;&#x644;&#x639;&#x627;&#x644;&#x645; &#x627;&#x644;&#x633;&#x641;&#x644;&#x64A; (&#x639;&#x627;&#x644;&#x645; &#x62A;&#x62C;&#x627;&#x631;&#x629; &#x627;&#x644;&#x645;&#x62E;&#x62F;&#x627;&#x631;&#x62A;) &#x648;&#x630;&#x644;&#x643; &#x643;&#x645;&#x627; &#x642;&#x64A;&#x644; &#x644;&#x647; &#x644;&#x62E;&#x62F;&#x645;&#x629; &#x627;&#x644;&#x648;&#x637;&#x646;&#x60C; &#x641;&#x64A;&#x643;&#x644;&#x641; &#x628;&#x645;&#x647;&#x645;&#x629; &#x63A;&#x631;&#x64A;&#x628;&#x629; &#x62A;&#x633;&#x645;&#x649; &#x623;&#x631;&#x636; &#x627;&#x644;&#x62E;&#x648;&#x641;. &#x64A;&#x639;&#x64A;&#x634; &#x64A;&#x62D;&#x64A;&#x64A; &#x644;&#x633;&#x646;&#x648;&#x627;&#x62A; &#x643;&#x62A;&#x627;&#x62C;&#x631; &#x645;&#x62E;&#x62F;&#x631;&#x627;&#x62A; &#x648;&#x644;&#x643;&#x646;&#x647; &#x628;&#x639;&#x62F; &#x630;&#x644;&#x643; &#x64A;&#x643;&#x62A;&#x634;&#x641; &#x627;&#x644;&#x643;&#x627;&#x631;&#x62B;&#x629; &#x62D;&#x64A;&#x62B; &#x623;&#x646; &#x627;&#x644;&#x636;&#x628;&#x627;&#x637; &#x627;&#x644;&#x630;&#x64A;&#x646; &#x648;&#x636;&#x639;&#x648;&#x627; &#x64A;&#x62D;&#x64A;&#x649; &#x641;&#x649;&#x649; &#x647;&#x630;&#x647; &#x627;&#x644;&#x645;&#x647;&#x645;&#x629; &#x645;&#x646;&#x647;&#x645; &#x645;&#x646; &#x627;&#x633;&#x62A;&#x642;&#x627;&#x644; &#x648;&#x645;&#x646;&#x647;&#x645; &#x645;&#x646; &#x645;&#x627;&#x62A; &#x644;&#x64A;&#x635;&#x628;&#x62D; &#x64A;&#x62D;&#x64A;&#x649; &#x628;&#x627;&#x644;&#x641;&#x639;&#x644; &#x62A;&#x627;&#x62C;&#x631; &#x645;&#x62E;&#x62F;&#x631;&#x627;&#x62A; &#x648;&#x644;&#x643;&#x646; &#x628;&#x642;&#x644;&#x628; &#x636;&#x627;&#x628;&#x637; &#x648;&#x64A;&#x62C;&#x62F; &#x646;&#x641;&#x633;&#x647; &#x645;&#x637;&#x627;&#x631;&#x62F; &#x645;&#x646; &#x627;&#x644;&#x634;&#x631;&#x637;&#x629; &#x643;&#x648;&#x646;&#x647; &#x645;&#x646; &#x623;&#x62E;&#x637;&#x631; &#x62A;&#x62C;&#x627;&#x631; &#x627;&#x644;&#x645;&#x62E;&#x62F;&#x631;&#x627;&#x62A;.</subfield>
  </datafield>
  <datafield tag="538" ind1=" " ind2=" ">
    <subfield code="a">&#x642;&#x631;&#x635; &#x645;&#x631;&#x626;&#x64A; (DVD)</subfield>
  </datafield>
  <datafield tag="546" ind1=" " ind2=" ">
    <subfield code="a">&#x627;&#x644;&#x641;&#x64A;&#x644;&#x645; &#x628;&#x627;&#x644;&#x644;&#x63A;&#x629; &#x627;&#x644;&#x639;&#x631;&#x628;&#x64A;&#x629; &#x627;&#x644;&#x639;&#x631;&#x628;&#x64A;&#x629;.</subfield>
  </datafield>
  <datafield tag="650" ind1=" " ind2="0">
    <subfield code="a">&#x627;&#x644;&#x623;&#x641;&#x644;&#x627;&#x645; &#x627;&#x644;&#x633;&#x64A;&#x646;&#x645;&#x627;&#x626;&#x64A;&#x629;</subfield>
    <subfield code="z">&#x645;&#x635;&#x631; </subfield>
    <subfield code="y">2000-2006.</subfield>
    <subfield code="2">BUEsh</subfield>
  </datafield>
  <datafield tag="650" ind1=" " ind2="0">
    <subfield code="a">&#x627;&#x644;&#x623;&#x641;&#x644;&#x627;&#x645; &#x627;&#x644;&#x62F;&#x631;&#x627;&#x645;&#x64A;&#x629;.</subfield>
    <subfield code="2">BUEsh</subfield>
  </datafield>
  <datafield tag="650" ind1=" " ind2="0">
    <subfield code="a">&#x627;&#x644;&#x623;&#x641;&#x644;&#x627;&#x645; &#x627;&#x644;&#x628;&#x648;&#x644;&#x64A;&#x633;&#x64A;&#x629;.</subfield>
    <subfield code="2">BUEsh</subfield>
  </datafield>
  <datafield tag="655" ind1=" " ind2="0">
    <subfield code="a">&#xFEA9;&#xFEAD;&#x627;&#xFEE3;&#xFE8E;&#x60C; &#xFE9F;&#xFEAE;&#xFEF3;&#xFEE4;&#xFE94;  &#xFE97;&#xFEB8;&#xFEEE;&#xFEF3;&#xFED6; &#xFEED; &#xFE87;&#xFE9B;&#xFE8E;&#xFEAD;&#xFE93;.</subfield>
    <subfield code="2">BUEsh</subfield>
  </datafield>
  <datafield tag="700" ind1="1" ind2=" ">
    <subfield code="a">&#x639;&#x628;&#x62F; &#x627;&#x644;&#x633;&#x64A;&#x62F;&#x60C; &#x62F;&#x627;&#x648;&#x62F;&#x60C; </subfield>
    <subfield code="e">&#x645;&#x62E;&#x631;&#x62C;&#x60C;</subfield>
    <subfield code="e">&#x645;&#x624;&#x644;&#x641;.</subfield>
  </datafield>
  <datafield tag="700" ind1="1" ind2=" ">
    <subfield code="a">&#x628;&#x647;&#x632;&#x627;&#x646;&#x60C; &#x633;&#x645;&#x64A;&#x631;&#x60C; </subfield>
    <subfield code="e">&#x645;&#x62F;&#x64A;&#x631; &#x627;&#x644;&#x62A;&#x635;&#x648;&#x64A;&#x631;.</subfield>
  </datafield>
  <datafield tag="700" ind1="1" ind2=" ">
    <subfield code="a">&#x645;&#x646;&#x64A;&#x631;&#x60C; &#x639;&#x627;&#x645;&#x644;&#x60C; </subfield>
    <subfield code="e">&#x645;&#x648;&#x646;&#x62A;&#x627;&#x62C;.</subfield>
  </datafield>
  <datafield tag="700" ind1="1" ind2=" ">
    <subfield code="a">&#x645;&#x635;&#x637;&#x641;&#x649;&#x60C; &#x645;&#x62D;&#x645;&#x62F;&#x60C; </subfield>
    <subfield code="e">&#x627;&#x644;&#x645;&#x62E;&#x631;&#x62C; &#x627;&#x644;&#x645;&#x646;&#x641;&#x630;.</subfield>
    <subfield code="9">13704</subfield>
  </datafield>
  <datafield tag="700" ind1="1" ind2=" ">
    <subfield code="a">&#x62F;&#x627;&#x648;&#x62F;&#x60C; &#x631;&#x627;&#x62C;&#x62D;&#x60C; </subfield>
    <subfield code="e">&#x627;&#x644;&#x645;&#x648;&#x633;&#x64A;&#x642;&#x649; &#x627;&#x644;&#x62A;&#x635;&#x648;&#x64A;&#x631;&#x64A;&#x629;.</subfield>
  </datafield>
  <datafield tag="700" ind1="1" ind2=" ">
    <subfield code="a">&#x62C;&#x627;&#x628;&#x631;&#x60C; &#x623;&#x62D;&#x645;&#x62F;&#x60C; </subfield>
    <subfield code="e">&#x645;&#x647;&#x646;&#x62F;&#x633; &#x627;&#x644;&#x635;&#x648;&#x62A;.</subfield>
  </datafield>
  <datafield tag="700" ind1="1" ind2=" ">
    <subfield code="a">&#x623;&#x628;&#x648; &#x633;&#x64A;&#x641;&#x60C; &#x623;&#x646;&#x633;&#x649;&#x60C;</subfield>
    <subfield code="e">&#x627;&#x644;&#x645;&#x634;&#x631;&#x641; &#x627;&#x644;&#x641;&#x646;&#x64A;.</subfield>
  </datafield>
  <datafield tag="700" ind1="1" ind2=" ">
    <subfield code="a">&#x639;&#x631;&#x628;&#x60C; &#x623;&#x64A;&#x645;&#x646;&#x60C;</subfield>
    <subfield code="e">&#x627;&#x644;&#x645;&#x646;&#x62A;&#x62C; &#x627;&#x644;&#x641;&#x646;&#x64A;.</subfield>
  </datafield>
  <datafield tag="700" ind1="1" ind2=" ">
    <subfield code="a">&#x632;&#x643;&#x64A;&#x60C; &#x623;&#x62D;&#x645;&#x62F;&#x60C;   </subfield>
    <subfield code="e">&#x645;&#x645;&#x62B;&#x644;.</subfield>
    <subfield code="9">14736</subfield>
  </datafield>
  <datafield tag="700" ind1="1" ind2=" ">
    <subfield code="a">&#x641;&#x631;&#x62D;&#x60C;</subfield>
    <subfield code="e">&#x645;&#x645;&#x62B;&#x644;.</subfield>
  </datafield>
  <datafield tag="700" ind1="1" ind2=" ">
    <subfield code="a">&#x639;&#x62F;&#x644;&#x60C; &#x633;&#x627;&#x645;&#x64A;&#x60C; </subfield>
    <subfield code="e">&#x645;&#x645;&#x62B;&#x644;.</subfield>
    <subfield code="9">41121</subfield>
  </datafield>
  <datafield tag="700" ind1="1" ind2=" ">
    <subfield code="a">&#x623;&#x628;&#x648; &#x639;&#x648;&#x641;&#x60C; &#x639;&#x632;&#x62A;&#x60C;  </subfield>
    <subfield code="e">&#x645;&#x645;&#x62B;&#x644;.</subfield>
    <subfield code="9">16402</subfield>
  </datafield>
  <datafield tag="700" ind1="1" ind2=" ">
    <subfield code="a">&#x63A;&#x64A;&#x62B;&#x60C; &#x62D;&#x645;&#x62F;&#x64A;&#x60C;  </subfield>
    <subfield code="e">&#x645;&#x645;&#x62B;&#x644;.</subfield>
  </datafield>
  <datafield tag="700" ind1="1" ind2=" ">
    <subfield code="a">&#x623;&#x628;&#x648; &#x632;&#x647;&#x631;&#x629;&#x60C; &#x639;&#x628;&#x62F; &#x627;&#x644;&#x631;&#x62D;&#x645;&#x646;&#x60C; </subfield>
    <subfield code="e">&#x645;&#x645;&#x62B;&#x644;.</subfield>
    <subfield code="9">16869</subfield>
  </datafield>
  <datafield tag="700" ind1="1" ind2=" ">
    <subfield code="a">&#x632;&#x64A;&#x646;&#x629;&#x60C;</subfield>
    <subfield code="e">&#x645;&#x645;&#x62B;&#x644;.</subfield>
  </datafield>
  <datafield tag="710" ind1="2" ind2=" ">
    <subfield code="a">&#x627;&#x644;&#x634;&#x631;&#x643;&#x629; &#x627;&#x644;&#x639;&#x631;&#x628;&#x64A;&#x629; &#x644;&#x644;&#x625;&#x646;&#x62A;&#x627;&#x62C; &#x627;&#x644;&#x625;&#x639;&#x644;&#x627;&#x645;&#x64A; &#x648;&#x627;&#x644;&#x62B;&#x642;&#x627;&#x641;&#x64A; (&#x634;&#x639;&#x627;&#x639;)&#x60C;</subfield>
    <subfield code="e">&#x645;&#x646;&#x62A;&#x62C;.</subfield>
  </datafield>
  <datafield tag="942" ind1=" " ind2=" ">
    <subfield code="2">ddc</subfield>
    <subfield code="c">NB</subfield>
  </datafield>
  <datafield tag="952" ind1=" " ind2=" ">
    <subfield code="0">0</subfield>
    <subfield code="1">0</subfield>
    <subfield code="2">ddc</subfield>
    <subfield code="4">0</subfield>
    <subfield code="7">0</subfield>
    <subfield code="8">Baccah</subfield>
    <subfield code="a">MAIN</subfield>
    <subfield code="b">MAIN</subfield>
    <subfield code="c">2ND</subfield>
    <subfield code="d">2016-11-08</subfield>
    <subfield code="e">Purchase</subfield>
    <subfield code="l">0</subfield>
    <subfield code="o">791.4372 &#x623; &#x631; &#x636;</subfield>
    <subfield code="p">000034724</subfield>
    <subfield code="r">2022-08-24 00:00:00</subfield>
    <subfield code="y">CDVDMOV</subfield>
  </datafield>
</record>
